banner-ar

CONFLICT RESOLUTION IN THE MIDDLE EAST : (Record no. 9991)

MARC details
000 -الفاتح
حقل البيانات ثابتة الطول 00754nam a2200217Ia 4500
008 - عناصر البيانات ثابتة الطول - معلومات عامة
حقل البيانات ثابتة الطول 140319s9999 xx 000 0 eng d
020 ## - الرقم الدولى المعيارى للكتب
الرقم الدولى المعيارى للكتاب 1878379194
040 ## - مصدر الفهرسة
وكالة الفهرسة الأصلية GCL /
وكالة النسخ GCL
082 04 - رقم تصنيف ديوى العشرى
رقم التصنيف 341.5011
رقم المادة R C
100 1# - المدخل الرئيسى - إسم شخصى
الإسم الشخصى OAKLEY, ROBERT B
245 10 - بيان العنوان
العنوان CONFLICT RESOLUTION IN THE MIDDLE EAST :
بقية العنوان SIMULATING A DIPLOMATIC NEGOTIATION BETWEEN ISRAEL AND SYRIA /
بيان المسئوليه,etc OAKLEY, ROBERT B
700 1# - المدخل الاضافى - اسم شخصى
الإسم الشخصى RASMUSSEN, ERIC
260 ## - PUBLICATION, DISTRIBUTION, ETC. (IMPRINT)
تاريخ النشر أو التوزيع 1992
300 ## - الوصف المادى
التعداد 22 CM ؛
أبعاد الوعاء 61 P
490 ## - بيان السلسلة
عنوان السلسلة PERSPECTIVES SERIES
رقم المجلد/ التعيين التسلسلي 0
650 04 - المدخل الاضافى بالموضوع-مصطلح موضوعى
مصطلح موضوعي ISRAEL - FOREIGN RELATIONS - SYRIA
650 04 - المدخل الاضافى بالموضوع-مصطلح موضوعى
مصطلح موضوعي SYRIA - FOREIGN RELATIONS - ISRAEL
650 04 - المدخل الاضافى بالموضوع-مصطلح موضوعى
مصطلح موضوعي DIPLOMATIC NEGOTIATIONS IN INTERNAITONAL DISPUTES
942 ## - عناصر المدخل الإضافي( كوها)
مصدر التصنيف او مخطط الترفيف Dewey Decimal Classification
Koha [default] item type كتاب
260 ## - PUBLICATION, DISTRIBUTION, ETC. (IMPRINT)
-- نيويورك :
-- UNITED STATES INSTITUTE OF PEACE ،
Holdings
حالة التراجع حالة الفقد حالة تلف ليس للاعارة المكان المؤقت الموقع الحالى تاريخ الاكتساب اجمالي اﻻعارات رقم الطلب الباركود تاريخ اخر مشاهدة تاريخ تفعيل السعر نوع وعاء كوها
        مكتبة القاهرة الكبرى مكتبة القاهرة الكبرى 03/26/2014   341.5011\R C 20518 03/26/2014 03/26/2014 كتاب
        مكتبة القاهرة الكبرى مكتبة القاهرة الكبرى 03/26/2014   341.5011\R C 20519 03/26/2014 03/26/2014 كتاب

Powered By

EGPV